Famous Books: First Pages Quiz Stats

Quiz Updated May 21, 2015

Challenge
Share
Tweet
Score 0/20 Timer 07:00
8 Plays Today
% Correct
The Lord of the Rings
94.4%
Moby-Dick; or, The Whale
88.3%
Harry Potter and the Sorcerer's Stone
80.3%
The Cat in the Hat
80%
To Kill A Mockingbird
77.9%
Alice's Adventures in Wonderland
76.2%
The Hunger Games
74.3%
Pride and Prejudice
69.8%
A Tale of Two Cities
69.5%
The Da Vinci Code
62.6%
% Correct
Nineteen Eighty-Four
61.1%
The Grapes of Wrath
59.5%
The Catcher in the Rye
57%
Lord of the Flies
53.2%
Catch-22
47.9%
A Clockwork Orange
43.8%
The Hitchhiker's Guide to the Galaxy
42.4%
The Great Gatsby
35.5%
One Hundred Years of Solitude
27.2%
Fifty Shades of Grey
18.3%

You're not logged in!

Compare scores with friends on all Sporcle quizzes.
Sign Up with Email
OR
Log In

You Might Also Like...

Show Comments

Extras

Top Quizzes Today


Score Distribution

Your Account Isn't Verified!

In order to create a playlist on Sporcle, you need to verify the email address you used during registration. Go to your Sporcle Settings to finish the process.